Die 7 letzten Worte Christi - Lückentext - Statistiken

Allgemein
  • Dieses Quiz wurde 107 mal gespielt
  • Das Durchschnittsergebnis liegt bei 5 aus 7
Antwortstatistiken
Worte Christi fehl. Wort % Korrekt
..... , vergib' ihnen, denn sie wissen nicht, was sie tun. Vater
96%
Mein Gott, mein Gott, warum hast du mich .........? verlassen
84%
Frau, siehe, dein .... . Siehe, deine Mutter. Sohn
81%
Es ist .......... . vollbracht
74%
Vater, in deine Hände lege ich meinen ..... . Geist
67%
Mich ....... . dürstet
57%
Amen, ich sage dir, noch heute wirst du bei mir im ......... sein. Paradiese
54%
Keine übereinstimmenden Quizze gefunden
Verteilung der Resultate
Anzahl Personen mit jedem Resultat
Perzentil nach korrekt beantworteten Fragen
Ihre Resultats-Entwicklung
Sie haben dieses Quiz noch nicht gespielt